| 000 | 00727nam a22002057a 4500 | ||
|---|---|---|---|
| 005 | 20250924123557.0 | ||
| 010 | _aENG-144413 | ||
| 020 |
_a9789380705453(VOL.III) _c 550.00 |
||
| 035 | _aEN-127945 | ||
| 037 | _bDBAD | ||
| 082 |
_a612.014 _21st |
||
| 100 |
_aOta, A.B. _985187 |
||
| 245 |
_aParticularly Vulnerable Tribal Groups (PVTGs) Of Odisha/ _cA.B. Ota _hEnglish _bVolume III (Anthropology of Health & Medicine) |
||
| 250 | _a1st | ||
| 260 |
_a Capital Business Service & Consultancy _c2015 |
||
| 270 |
_a Capital Business Service & Consultancy _bBhubaneswar _mcapital.aIpress@gamil.com |
||
| 300 |
_axiv, 280.p _c25cm. (Hb) |
||
| 700 |
_aS.C. Mohanty _980043 |
||
| 942 |
_2ddc _cEN _h612.014 _mOTA _e1 |
||
| 999 |
_c210650 _d210650 |
||